<?xml version='1.0' encoding='UTF-8'?>
  <record xmlns="http://www.loc.gov/MARC21/slim">
    <leader>00000cam a22000007i 4500</leader>
    <controlfield tag="001">on1573204339</controlfield>
    <controlfield tag="003">OCoLC</controlfield>
    <controlfield tag="005">20260218061740.1</controlfield>
    <controlfield tag="008">260216m17311733ne            000 0 may d</controlfield>
    <datafield tag="040" ind1=" " ind2=" ">
      <subfield code="a">QGJ</subfield>
      <subfield code="b">eng</subfield>
      <subfield code="e">rda</subfield>
      <subfield code="e">dcrmr</subfield>
      <subfield code="c">QGJ</subfield>
      <subfield code="d">QGJ</subfield>
    </datafield>
    <datafield tag="026" ind1=" " ind2=" ">
      <subfield code="e">173304 - *b1 A2 $seg : b2 4G3 n$ferwa</subfield>
      <subfield code="d">Volume 1</subfield>
      <subfield code="2">stcnf</subfield>
    </datafield>
    <datafield tag="026" ind1=" " ind2=" ">
      <subfield code="e">173104 - b1 a l : b2 z5 le</subfield>
      <subfield code="d">Volume 2</subfield>
      <subfield code="2">stcnf</subfield>
    </datafield>
    <datafield tag="035" ind1=" " ind2=" ">
      <subfield code="a">(OCoLC)1573204339</subfield>
    </datafield>
    <datafield tag="041" ind1="1" ind2=" ">
      <subfield code="a">may</subfield>
      <subfield code="k">dut</subfield>
      <subfield code="h">heb</subfield>
      <subfield code="h">grc</subfield>
    </datafield>
    <datafield tag="130" ind1="0" ind2=" ">
      <subfield code="a">Bible.</subfield>
      <subfield code="l">Malay.</subfield>
      <subfield code="f">1731.</subfield>
    </datafield>
    <datafield tag="245" ind1="1" ind2="0">
      <subfield code="a">ʼElkitab, ʼij̄a ʼîtu, segal̄a Sûrat Perdjandjîʹan Lâma dʹan Bahâruw. :</subfield>
      <subfield code="b">ʼâtas tîtah segal̄a tuw̄an pem̄arentah Kompanij̄â tersâlin kapad̄a bahâsa Malâjuw.</subfield>
    </datafield>
    <datafield tag="264" ind1=" " ind2="1">
      <subfield code="a">Dibendar 'Am̄isterdam, :</subfield>
      <subfield code="b">Tertara 'awleh R. dán DJ. Wet'istejn, Pen̄arâ Kompanij̄â.,</subfield>
      <subfield code="c">MDCCXXXI.-MDCCXXIII. [1731-1733]</subfield>
    </datafield>
    <datafield tag="300" ind1=" " ind2=" ">
      <subfield code="a">2 volumes ([6], 1208 pages; [4], 382 pages)  ;</subfield>
      <subfield code="c">26 cm (4to)</subfield>
    </datafield>
    <datafield tag="336" ind1=" " ind2=" ">
      <subfield code="a">text</subfield>
      <subfield code="b">txt</subfield>
      <subfield code="2">rdacontent</subfield>
    </datafield>
    <datafield tag="337" ind1=" " ind2=" ">
      <subfield code="a">unmediated</subfield>
      <subfield code="b">n</subfield>
      <subfield code="2">rdamedia</subfield>
    </datafield>
    <datafield tag="338" ind1=" " ind2=" ">
      <subfield code="a">volume</subfield>
      <subfield code="b">nc</subfield>
      <subfield code="2">rdacarrier</subfield>
    </datafield>
    <datafield tag="340" ind1=" " ind2=" ">
      <subfield code="m">4to</subfield>
      <subfield code="2">rdabf</subfield>
    </datafield>
    <datafield tag="500" ind1=" " ind2=" ">
      <subfield code="a">Translation begun by Melchior Leydekker (Genesis through Ephesians chapter 6) and completed by Pieter van der Vorm. Revised by Arnoldus Brants, Engelbertus Cornelius Ninaber, George Henrik Werndly, and Pieter van der Vorm, assisted by native Malay scholars.</subfield>
    </datafield>
    <datafield tag="500" ind1=" " ind2=" ">
      <subfield code="a">Printed in Amsterdam by R. and G. Wetstein, under the superintendence of G. H. Werndly, assisted by Carolus Georgius Serruus, and two Malay chaplains.</subfield>
    </datafield>
    <datafield tag="500" ind1=" " ind2=" ">
      <subfield code="a">Both volumes have additional engraved with title framed by an architectural niche with a drapery showing the title in the Malay language. On the tympan an open bible. At the bottom a cartouche in which a ship of the VOC, crowned with a coat of arms of the Republic of the Seven United Netherlands. Both of these engraved title pages are signed "B. Picart del. et sculp. 1731."</subfield>
    </datafield>
    <datafield tag="500" ind1=" " ind2=" ">
      <subfield code="a">In 1735 appeared at Amsterdam a quarto edition of the Psalms and Canticles translated by G.H. Werndly in metre, with musical notation. To this was joined a Malay translation of the Heidelberg Catechism. These two pieces (or the second alone) are often found appended to copies of this publication.</subfield>
    </datafield>
    <datafield tag="500" ind1=" " ind2=" ">
      <subfield code="a">Text in Roman characters.</subfield>
    </datafield>
    <datafield tag="500" ind1=" " ind2=" ">
      <subfield code="a">Printed in double columns.</subfield>
    </datafield>
    <datafield tag="500" ind1=" " ind2=" ">
      <subfield code="a">Signatures: Volume 1: [pi]⁴ A-Z⁸ Aa-Zz⁸ Aaa-Zzz⁸ Aaaa-Ffff⁸ Gggg⁴ ([pi]1 is blank); Volume 2: [pi]² a-v⁸ w⁸ x-z⁸ (z8 is blank).</subfield>
    </datafield>
    <datafield tag="500" ind1=" " ind2=" ">
      <subfield code="a">With initials and tail-pieces.</subfield>
    </datafield>
    <datafield tag="505" ind1="0" ind2="0">
      <subfield code="g">Volume 1.</subfield>
      <subfield code="t">'Elkhawlu-'Lx̄atîkh, 'ij̄a 'îtu, segal̄a sûrat perdjandjî'án Lâma --</subfield>
      <subfield code="g">Volume 2.</subfield>
      <subfield code="t">ʼElkhawlu-ʼldjadîd ʼij̄a ʼîtu, segal̄a Sûrat Perdjandjî'an Bahâruw.</subfield>
    </datafield>
    <datafield tag="510" ind1="4" ind2=" ">
      <subfield code="a">Historical catalogue of the printed editions of Holy Scripture in the Library of the British and Foreign Bible Society,</subfield>
      <subfield code="c">6493-6494</subfield>
    </datafield>
    <datafield tag="510" ind1="4" ind2=" ">
      <subfield code="3">Volume 1. Old Testament:</subfield>
      <subfield code="a">Short title catalogue Netherlands,</subfield>
      <subfield code="c">296080993</subfield>
      <subfield code="u">https://data.cerl.org/stcn/296080993</subfield>
    </datafield>
    <datafield tag="510" ind1="4" ind2=" ">
      <subfield code="3">Volume 2. New Testament:</subfield>
      <subfield code="a">Short title catalogue Netherlands,</subfield>
      <subfield code="c">234943564</subfield>
      <subfield code="u">https://data.cerl.org/stcn/234943564</subfield>
    </datafield>
    <datafield tag="510" ind1="4" ind2=" ">
      <subfield code="a">Landwehr, J. VOC: a bibliography,</subfield>
      <subfield code="c">716-717</subfield>
    </datafield>
    <datafield tag="510" ind1="4" ind2=" ">
      <subfield code="a">Werndly, G.H. Maleische spraakkunst,</subfield>
      <subfield code="c">p. 249-265</subfield>
    </datafield>
    <datafield tag="700" ind1="1" ind2=" ">
      <subfield code="a">Leydekker, Melchior,</subfield>
      <subfield code="d">1645-1701,</subfield>
      <subfield code="e">translator.</subfield>
      <subfield code="4">trl</subfield>
      <subfield code="1">https://id.oclc.org/worldcat/entity/E39PBJmHGGr96pVC4P9RJVVQv3</subfield>
    </datafield>
    <datafield tag="700" ind1="1" ind2=" ">
      <subfield code="a">Vorm, Pieter van der,</subfield>
      <subfield code="e">translator,</subfield>
      <subfield code="e">editor.</subfield>
      <subfield code="4">trl</subfield>
      <subfield code="4">edt</subfield>
      <subfield code="1">https://id.oclc.org/worldcat/entity/E39PCjD88PTb9x9QWrCvYGTDYP</subfield>
    </datafield>
    <datafield tag="700" ind1="1" ind2=" ">
      <subfield code="a">Brants, Arnoldus,</subfield>
      <subfield code="d">1630-1712,</subfield>
      <subfield code="e">editor,</subfield>
      <subfield code="e">translator.</subfield>
      <subfield code="4">edt</subfield>
      <subfield code="4">trl</subfield>
    </datafield>
    <datafield tag="700" ind1="1" ind2=" ">
      <subfield code="a">Ninaber, E. C.,</subfield>
      <subfield code="e">editor,</subfield>
      <subfield code="e">translator.</subfield>
      <subfield code="4">edt</subfield>
      <subfield code="4">trl</subfield>
    </datafield>
    <datafield tag="700" ind1="1" ind2=" ">
      <subfield code="a">Werndly, Georg Heinrich,</subfield>
      <subfield code="d">1694-1744,</subfield>
      <subfield code="e">editor,</subfield>
      <subfield code="e">translator.</subfield>
      <subfield code="4">edt</subfield>
      <subfield code="4">trl</subfield>
      <subfield code="1">https://id.oclc.org/worldcat/entity/E39PBJyMbYfrPTxHcCMGGJYkjC</subfield>
    </datafield>
    <datafield tag="700" ind1="1" ind2=" ">
      <subfield code="a">Serruus, Carolus Georgius</subfield>
    </datafield>
    <datafield tag="700" ind1="1" ind2=" ">
      <subfield code="a">Picart, Bernard,</subfield>
      <subfield code="d">1673-1733,</subfield>
      <subfield code="e">engraver.</subfield>
      <subfield code="4">egr</subfield>
      <subfield code="1">https://id.oclc.org/worldcat/entity/E39PBJjCR4M3379JBpKxHXWdQq</subfield>
    </datafield>
    <datafield tag="700" ind1="1" ind2=" ">
      <subfield code="a">Wetstein, Gerard,</subfield>
      <subfield code="d">1680-1755,</subfield>
      <subfield code="e">printer.</subfield>
      <subfield code="4">prt</subfield>
      <subfield code="1">https://id.oclc.org/worldcat/entity/E39PBJjRWRvVp8bDffPBYRxCcP</subfield>
    </datafield>
    <datafield tag="700" ind1="1" ind2=" ">
      <subfield code="a">Wetstein, Rudolf,</subfield>
      <subfield code="d">active 1701-1736,</subfield>
      <subfield code="e">printer.</subfield>
      <subfield code="4">prt</subfield>
      <subfield code="1">https://id.oclc.org/worldcat/entity/E39PBJghkYxFXvVRCQWCC7F9Xd</subfield>
    </datafield>
    <datafield tag="710" ind1="2" ind2=" ">
      <subfield code="a">Nederlandsche Oost-Indische Compagnie,</subfield>
      <subfield code="e">patron.</subfield>
      <subfield code="4">pat</subfield>
    </datafield>
    <datafield tag="752" ind1=" " ind2=" ">
      <subfield code="a">Netherlands</subfield>
      <subfield code="d">Amsterdam,</subfield>
      <subfield code="e">publication place.</subfield>
      <subfield code="4">pup</subfield>
    </datafield>
  </record>